Candy GPS report (Record no. 114958)

MARC details
000 -LEADER
fixed length control field 01120cad a22002175a 4500
001 - CONTROL NUMBER
control field L157769
008 - FIXED-LENGTH DATA ELEMENTS--GENERAL INFORMATION
fixed length control field 130510s2013 xxk f 000 0 eng d
035 ## - SYSTEM CONTROL NUMBER
System control number (Sirsi) u157769
041 0# - LANGUAGE CODE
Language code of text/sound track or separate title eng
110 2# - MAIN ENTRY--CORPORATE NAME
Corporate name or jurisdiction name as entry element Candy & Candy
9 (RLIN) 6130
245 00 - TITLE STATEMENT
Title Candy GPS report
Remainder of title A detailed analysis of the residential Global Prime Sector
260 ## - PUBLICATION, DISTRIBUTION, ETC.
Place of publication, distribution, etc. London
Name of publisher, distributor, etc. Candy&Candy
Date of publication, distribution, etc. 2013
520 ## - SUMMARY, ETC.
Summary, etc. The continued growth in the number of ultra-high-net-worth individuals (UHNWI) around the world has fuelled a demand for ultra-prime residential properties in key global cities. Focuses on those markets in London, New York, Hong Kong and Singapore and compares the costs for overseas buyers and sellers purchasing and selling properties worth over £10 million. Concludes with a look at the global ultra prime leisure sector.
590 ## - LOCAL NOTE (RLIN)
Local note KA
651 #4 - SUBJECT ADDED ENTRY--GEOGRAPHIC NAME
Geographic name International
690 ## - LOCAL SUBJECT ADDED ENTRY--TOPICAL TERM (OCLC, RLIN)
Topical term or geographic name as entry element Residential property
9 (RLIN) 6266
710 1# - ADDED ENTRY--CORPORATE NAME
Corporate name or jurisdiction name as entry element Deutsche Asset and Wealth Management
710 1# - ADDED ENTRY--CORPORATE NAME
Corporate name or jurisdiction name as entry element Savills
9 (RLIN) 2020
856 40 - ELECTRONIC LOCATION AND ACCESS
Uniform Resource Identifier <a href="https://www.savills.co.uk/research_articles/141285/145690-0">https://www.savills.co.uk/research_articles/141285/145690-0</a>
Public note View the item free of charge from www.savills.co.uk
942 ## - ADDED ENTRY ELEMENTS (KOHA)
Suppress in OPAC 0
Holdings
Withdrawn status Lost status Source of classification or shelving scheme Damaged status Not for loan Home library Current library Shelving location Date acquired Total Checkouts Full call number Barcode Date last seen Copy number Price effective from Koha item type
    Dewey Decimal Classification     Virtual Virtual Online 10/05/2013   ONLINE PUBLICATION 157769-2001 06/08/2019 1 06/08/2019 Book